Loading...
| Art - Other | 0 | 4 | 0 | 1 | 40 | 92 | 116.50 | 0 | 1 |
| Art - Painting/Sculpture | 0 | 5 | 3 | 2 | 35 | 113 | 128.20 | 0 | 0 |
| Art - Visual | 0 | 2 | 0 | 1 | 20 | 106 | 119.50 | 0 | 0 |
| Religion - Christianity/Judaism | 0 | 2 | 0 | 0 | 20 | 89 | 101.50 | 0 | 1 |
| Other Academic/Cross-Category - Any | 0 | 2 | 0 | 1 | 20 | 106 | 124.00 | 0 | 0 |
| Philosophy - Ancient | 0 | 2 | 0 | 0 | 20 | 115 | 120.50 | 0 | 2 |
| Art - Music/Opera | 0 | 3 | 3 | 0 | 15 | 114 | 127.33 | 0 | 1 |
| Mythology - East Asia | 0 | 1 | 0 | 0 | 10 | 149 | 149.00 | 0 | 0 |
| Mythology - Greco/Roman | 0 | 1 | 0 | 1 | 10 | 145 | 145.00 | 0 | 0 |
| Mythology - Norse | 0 | 1 | 0 | 0 | 10 | 122 | 122.00 | 0 | 0 |
| Literature - British drama | 0 | 1 | 0 | 0 | 10 | 95 | 95.00 | 0 | 1 |
| Current Events/Modern World - Rest of world political | 0 | 1 | 0 | 0 | 10 | 125 | 125.00 | 0 | 0 |
| Current Events/Modern World - Rest of world social | 0 | 1 | 0 | 0 | 10 | 76 | 76.00 | 0 | 1 |
| History - European | 0 | 1 | 0 | 1 | 10 | 128 | 128.00 | 0 | 0 |
| History - Other | 0 | 1 | 0 | 0 | 10 | 55 | 55.00 | 0 | 1 |
| History - World | 0 | 1 | 0 | 1 | 10 | 126 | 126.00 | 0 | 0 |
| Literature - European long fiction | 0 | 1 | 0 | 0 | 10 | 115 | 115.00 | 0 | 0 |
| Philosophy - 20th century | 0 | 0 | 0 | 0 | 0 | 0.00 | 0 | 0 | |
| Science - Biology | 0 | 0 | 1 | 0 | -5 | 0.00 | 0 | 0 | |
| Literature - American drama | 0 | 0 | 2 | 0 | -10 | 0.00 | 0 | 0 |